Vnútroorganizačné účtovníctvo
Vnútroorganizačné účtovníctvo - koncepcia toku peňazí, tovaru a ľudských zdrojov. Koncepcia je flexibilná podľa toho, aký nástroj bude manažér používať. Zatiaľ čo finančné účtovníctvo zobrazuje podnik ako celok, vnútroorganizačné účtovníctvo analyzuje podnik po jednotlivých segmentoch: výrobok, dist...
Guardado en:
| Autor principal: | |
|---|---|
| Formato: | Capítulo de libro |
| Lenguaje: | eslovaco |
| Materias: | |
| Etiquetas: |
Sin Etiquetas, Sea el primero en etiquetar este registro!
|
MARC
| LEADER | 00000naa$a2200000$$$4500 | ||
|---|---|---|---|
| 001 | 0044691 | ||
| 005 | 20231114090508.2 | ||
| 041 | 0 | |a slo | |
| 044 | |a SK | ||
| 245 | 1 | 0 | |a Vnútroorganizačné účtovníctvo |c Tatiana Hajníková |
| 520 | |a Vnútroorganizačné účtovníctvo - koncepcia toku peňazí, tovaru a ľudských zdrojov. Koncepcia je flexibilná podľa toho, aký nástroj bude manažér používať. Zatiaľ čo finančné účtovníctvo zobrazuje podnik ako celok, vnútroorganizačné účtovníctvo analyzuje podnik po jednotlivých segmentoch: výrobok, distribučná cesta, výrobná linka, či región predaja. Podstatou článku je orientácia na praktickejšie chápanie a ponímanie vnútroorganizačného účtovníctva. | ||
| 610 | 2 | 0 | |a účtovníctvo vnútropodnikové |
| 610 | 2 | 0 | |a organizácia |
| 610 | 2 | 0 | |a štruktúra podniku organizačná |
| 100 | 1 | |a Hajniková, Tatiana | |